| 000 | 00691cam a22002051 4500 | ||
|---|---|---|---|
| 001 | d 01000373 | ||
| 003 | DLC | ||
| 005 | 20260227111149.0 | ||
| 008 | 890217s1898 ne 000 0 dut | ||
| 010 | _ad 01000373 | ||
| 035 | _a(OCoLC)19232659 | ||
| 040 |
_aDLC _cCU _dDLC |
||
| 042 | _apremarc | ||
| 050 | 0 | 0 |
_aDJ261 _b.R6 |
| 100 | 1 |
_aRitter, Pierre Henri, _d1851- _eed. |
|
| 245 | 0 | 5 |
_aEene halve eeuw, 1848-1898; _bNederland onder de regeering van konig Willem den Derde en het regentschap van koningin Emma, _cdoor Nederlanders beschreven onder redactie van P.H. Ritter ... |
| 260 |
_aAmsterdam, _bJ.L. Beijers & J. Funke, _c1898. |
||
| 300 |
_a2 v. _c26 cm. |
||
| 651 | 0 | _aNetherlands. | |
| 999 |
_c18648 _d18648 |
||